000 00308nam a22001337a 4500
008 170608b xxu||||| |||| 00| 0 eng d
020 _a9780801332661
041 _aeng
080 _a323
100 _a18
101 _aSHK
245 _aTHE OTHER WORLD ISSUES AND POLITICS
_cEVANS.C
942 _2udc
_cBK
999 _c16584
_d16584